| 000 | 01167nam a2200337 a 4500 | ||
|---|---|---|---|
| 999 |
_c328638 _d328638 |
||
| 003 | BLK | ||
| 005 | 20250414160915.0 | ||
| 008 | 190201b bu ||||gr|||| 00| 0 bu d | ||
| 020 | _a9786191710638 | ||
| 040 | _aBLK | ||
| 041 |
_aBUL _cBUL |
||
| 080 |
_aАмериканска литература (на САЩ) _b821.111(73) _x-312.9 _z821.111(73)-312.9 |
||
| 100 |
_9350684 _aАрден, Катрин _eпърви автор |
||
| 139 |
_aАрден, Катрин _bА 82 |
||
| 240 | _aThe girl in the tower | ||
| 245 | _aМомичето в кулата : Кн. 2 | ||
| 250 | _aКн. 2 от трилогия | ||
| 260 |
_9218251 _aСофия _bOrange Books _c2018 _fPulsio Print _g2018 |
||
| 300 |
_a406 с. _c24 см |
||
| 380 | _aX | ||
| 490 | _aWinternight | ||
| 500 | _aОриг. загл.: The girl in the tower / Katherine Arden За авторката: с. 405 | ||
| 653 | 7 |
_9195710 _aРоман |
|
| 700 |
_aАнгелов, Ангел Пенчев _d1968- _9379977 |
||
| 852 | _aЦб 293117 | ||
| 942 |
_cKNG _n0 _014 _s1 |
||
| 944 |
_aCR _c2019-02-01 _k30542 _lРусанова Ирена |
||
| 999 | _d328638 | ||
| 999 | _d328638 | ||
| 999 | _d328638 | ||